Statistics for Symbols #2

Click here to take the quiz!

General Stats

  • This quiz has been taken 9 times
  • The average score is 3 of 10

Answer Stats

HintAnswer% Correct
;Semicolon
86%
~Tilde
71%
^Caret
43%
« »Guillemet
14%
¡Inverted Exclamation Mark
14%
÷Obelus
14%
Pilcrow
14%
؟Arabic Question Mark
0%
Ditto Mark
0%
®Registered Trademark
0%

Score Distribution

Percentile by Number Answered

Percent of People with Each Score

Your Score History

You have not taken this quiz